000 00940nas a2200253 454500
001 27887
005 20260407193507.0
008 260407s1995####ag###########|||spa#d
003 AR-UNSa-BCEJYS
040 _aAR-UNSa-BCEJYS
_bspa
_cAR-UNSa-BCEJYS
080 _a336.74
_xMoneda. Sistema monetario
245 1 0 _aBoletín monetario y financiero
022 _a1667-9563
264 1 _aBuenos Aires :
_bBanco Central de la República Argentina
_c1995
310 _aFrecuencia: Bimestral A partir del año 1996 pasa a Trimestral
942 _cSER
590 _aniveau_biblio:s niveau_hierar:1
100 1 _aKiguel, Miguel A.
700 1 _aBanco Central de la República Argentina. Area de Economía y Finanzas
650 _aInstituciones financieras
650 _aMoneda
650 _aPolítica monetaria
856 4 1 _uhttps://biblioeco.unsa.edu.ar/pmb/images/revistas/Boletin Monetario y Financiero-r13515.jpg
_yImagen de portada
_qimage/jpeg
999 _c8628
_d8628